000 00820nam a2200205 a 4500
001 BRCA_2136
005 20190320203701.0
008 130808s1992----mx-a---###---#000-0#spa-#
050 4 _aF1391.P8
_b.L43 81
_c1992
100 1 _aPalou, Pedro Ángel
_96447
245 1 0 _aIdentidad de Puebla
_besencia de mexicanidad : José Agustín Arrieta (1802-1874) : ensayo
_cPedro Ángel Palou.
260 _aPuebla, México
_bGobierno del Estado de Puebla : Secretaría de Cultura : Comisión Puebla V Centenario
_c1992
300 _a25 p.
_bil.
_c21 cm.
440 0 _aLecturas Históricas de Puebla
_n81
_96448
600 1 4 _aArrieta, José Agustín
_d1802-1874
_vBiografías
_96449
651 4 _aPuebla (México)
_xHistoria
_9409
651 4 _aPuebla (México)
_xVida social y costumbres
_9408
653 0 _aVida cotidiana
942 _2lcc
_cB
999 _c1893
_d1893